Geografia Europy #1 - Statystyki

Ogólne statystyki
  • Ten quiz został rozwiązany 30 razy
  • Średni wynik to 12 z 20
Statystyki odpowiedzi
Pytanie Odpowiedź % Poprawnych
W który państwie powstał pierwszy Legoland? Dania
100%
Która stolica w kontynentalnej Europie jest najbardziej wysunięta za zachód? Lizbona
97%
W którym państwie możemy znaleźć dzielnice Monte Carlo? Monako
86%
Które miasto jest stolicą Albanii? Tirana
83%
Która wyspa Grecka jest największa? Kreta
79%
Jak się nazywał Petersburg w latach 1924-1991? Leningrad
76%
Z którego Morza Wielka Brytania wydobywa większość swojej ropy naftowej? Morze Północne
76%
Jaki język ma dwie formy pisemne: Bokmål i Nynorsk? Norweski
76%
What river travels through the capitals of four different countries? Dunaj
72%
W którym regionie Hiszpanii znajduje się miasto Barcelona? Katalonia
69%
Jaka cieśnina oddziela Hiszpanię od Afryki? Cieśnina Gibraltarska
59%
Jakie Morze znajduje się między Chorwacją a Włochami? Morze Adriatyckie
59%
Które miasto w Austrii dwukrotnie było gospodarzem Zimowych Igrzysk Olimpijskich? Innsbruck
55%
Jaka ogarnięta wojną republika rosyjska ma swoją stolicę w Groznym? Czeczenia
48%
Które jezioro jest największe na granicy Francusko-Szwajcarskiej? Jezioro Genewskie
38%
Który francuski region winiarski kończy się literą x? Bordeaux
34%
Czym są Neuschwanstein i Balmoral? Zamkami
34%
Jakie francuskie miasto znajduje się po drugiej stronie kanału La Manche przeciwnego do Dover? Calais
31%
Które miasto, zaczynające się na literę I, jest najbardziej na północ wysuniętym miastem Wielkiej Brytanii? Inverness
21%
Jak brzmi pełna nazwa angielskiego miasta Hull? Kingston upon Hull
3%
Nie znaleziono quizów pasujących do podanych kryteriów
Rozkład punktacji
Procent ludzi z każdym wynikiem
Percentyl według liczby udzielonych odpowiedzi
Twoja historia wyników
Nie rozwiązałeś tego quizu